|
|
|
|
| LEADER |
01301nam a2200265 u 4500 |
| 001 |
10030862 |
| 003 |
upatras |
| 005 |
20210117210052.0 |
| 008 |
991105s1999 gr gre |
| 040 |
|
|
|a GR-PaULI
|c GR-PaULI
|
| 041 |
0 |
|
|a gre
|
| 082 |
0 |
4 |
|a 519.52
|
| 100 |
1 |
|
|a Τσερπές, Νικόλαος Α.
|4 aut
|9 29048
|
| 245 |
1 |
0 |
|a Εισαγωγή στην θεωρία δειγματοληψίας
|c Ν. Α. Τσερπές, Φ. Αλεβίζος
|
| 260 |
|
|
|a Πάτρα
|b Πανεπιστήμιο Πατρών
|c 1999
|
| 300 |
|
|
|a iv, 145 σ.
|b πίν.
|c 30 εκ.
|
| 500 |
|
|
|a Σημειώσεις διαλέξεων στην θεωρία δειγματοληψίας
|
| 504 |
|
|
|a Περιλαμβάνει βιβλιογραφία, παράρτημα και ευρετήριο
|
| 650 |
|
4 |
|9 2827
|a Δειγματοληψία (Στατιστική)
|x Δειγματοληψία
|
| 700 |
1 |
|
|a Αλεβίζος, Φώτιος Η.
|4 aut
|9 29049
|
| 852 |
|
|
|a GR-PaULI
|b ΠΑΤΡΑ
|b ΒΚΠ
|b ΒΣ1
|k ΑΣΧΕ
|h 519.52 ΤΣΕ
|m 052399
|p 025000067691
|t 1
|
| 942 |
|
|
|2 ddc
|c BK15
|
| 952 |
|
|
|0 0
|1 0
|4 0
|6 519_520000000000000_ΤΣΕ
|7 0
|9 200336
|a LISP
|b LISP
|c BSC
|d 2016-04-24
|i 052399
|l 0
|o 519.52 ΤΣΕ
|p 025000067691
|r 2016-04-24 00:00:00
|t 1
|w 2016-04-24
|y BK15
|
| 998 |
|
|
|c ΗΛΙΟΠΟΥΛΟΥ
|d 1999-11
|
| 999 |
|
|
|c 122754
|d 122754
|